| 000 | 00694nam a2200181Ia 4500 | ||
|---|---|---|---|
| 008 | 090124s9999 xx 000 0 und d | ||
| 082 |
_b10495 _a613 |
||
| 100 | _aफडके ना. सी. (नारायण सीताराम) | ||
| 245 | _a मराठी साहित्य दर्शन | ||
| 250 | _a1 | ||
| 260 | _c1959 | ||
| 300 | _a119 | ||
| 600 | _aफडके ना. सी. (नारायण सीताराम) | ||
| 630 | _a मराठी साहित्य दर्शन | ||
| 700 | _aफडके ना. सी. (नारायण सीताराम) | ||
| 730 | _a मराठी साहित्य दर्शन | ||
| 942 | _cBOOK | ||
| 999 |
_c124631 _d124631 |
||